Naše hospodářská obnova

Gespeichert in:
Bibliographische Detailangaben
Format: Buch
Sprache:Tschechisch
Veröffentlicht: Praha Práce 1946
Tags: Tag hinzufügen
Keine Tags, Fügen Sie das erste Tag hinzu!

MARC

LEADER 00000nam a2200000 4500
001 0267648
005 20240822101709.3
041 0 |a cze 
044 |a CZ 
245 1 0 |a Naše hospodářská obnova  |c Emanuel Šlechta 
264 1 |a Praha  |b Práce  |c 1946